MARI MELUKIS : (Record no. 196923)

MARC details
000 -LEADER
fixed length control field 01196nam a2200313 i 4500
003 - CONTROL NUMBER IDENTIFIER
control field OSt
005 - DATE AND TIME OF LATEST TRANSACTION
control field 20240915111937.0
008 - FIXED-LENGTH DATA ELEMENTS--GENERAL INFORMATION
fixed length control field 240909t20242024my ao b 000 0dmay d
020 ## - INTERNATIONAL STANDARD BOOK NUMBER
International Standard Book Number 9789674609900
Terms of availability RM25.00
Qualifying information paperback
040 ## - CATALOGING SOURCE
Original cataloging agency PPAK
Language of cataloging eng
Transcribing agency PPAK
Description conventions rda
041 1# - LANGUAGE CODE
Language code of text/sound track or separate title may
Language code of original eng
082 04 - DEWEY DECIMAL CLASSIFICATION NUMBER
Edition number 23
Classification number 751.426
090 00 - LOCALLY ASSIGNED LC-TYPE CALL NUMBER (OCLC); LOCAL CALL NUMBER (RLIN)
Classification number (OCLC) (R) ; Classification number, CALL (RLIN) (NR) 751.426
Feature heading BOL
Feature heading K
100 1# - MAIN ENTRY--PERSONAL NAME
Personal name Bolte, Mari,
Relator term author.
245 10 - TITLE STATEMENT
Title MARI MELUKIS :
Remainder of title akrilik /
Statement of responsibility, etc. Oleh: Mari Bolte ; Ilustrasi oleh: D. C. Ice ; Penterjemah: Nor Azlin Hamidon
246 33 - VARYING FORM OF TITLE
Display text Translations of:
Title proper/short title Paint It :
Remainder of title Acrylics
264 #1 - PRODUCTION, PUBLICATION, DISTRIBUTION, MANUFACTURE, AND COPYRIGHT NOTICE
Place of production, publication, distribution, manufacture Kuala Lumpur :
Name of producer, publisher, distributor, manufacturer INSTITUT TERJEMAHAN & BUKU MALAYSIA BERHAD,
Date of production, publication, distribution, manufacture, or copyright notice [2024?]
Date of production, publication, distribution, manufacture, or copyright notice ©2024
300 ## - PHYSICAL DESCRIPTION
Extent 32 pages :
Other physical details colour illustrations, colour photographs ;
Dimensions 26 cm
336 ## - CONTENT TYPE
Content type term text
Source rdacontent
337 ## - MEDIA TYPE
Media type term unmediated
Source rdamedia
338 ## - CARRIER TYPE
Carrier type term volume
Source rdacarrier
500 ## - GENERAL NOTE
General note Originally published by Capstone Press, 1710 Roe Crest Drive, North Mankota, Minnesota.
650 10 - SUBJECT ADDED ENTRY--TOPICAL TERM
Topical term or geographic name entry element Acrylic painting
General subdivision Technique
Form subdivision Juvenile literature
Topical term or geographic name entry element Painting
General subdivision Technique
Form subdivision Juvenile literature
700 1# - ADDED ENTRY--PERSONAL NAME
Personal name Ice, D., C.,
Relator term illustrator.
Personal name Nor Azlin Hamidon,
Relator term translator.
942 ## - ADDED ENTRY ELEMENTS (KOHA)
Source of classification or shelving scheme Dewey Decimal Classification
Koha item type Book
Holdings
Withdrawn Not for loan Current library Shelving location Date acquired Total Checkouts Full call number Barcode Date last seen Koha item type
    Perpustakaan Alor Setar Pinjaman Kanak-kanak 07/10/2024   K 751.426 BOL A01839235 07/10/2024 Book
    Perpustakaan Awam Sungai Petani Pinjaman Kanak-kanak 07/10/2024   K 751.426 BOL A01839236 07/10/2024 Book
    Perpustakaan Baling Pinjaman Kanak-kanak 07/10/2024   K 751.426 BOL A01839240 07/10/2024 Book
    Perpustakaan Bandar Baharu Pinjaman Kanak-kanak 07/10/2024   K 751.426 BOL A01839241 07/10/2024 Book
    Perpustakaan Jitra Pinjaman Kanak-kanak 07/10/2024   K 751.426 BOL A01839237 07/10/2024 Book
    Perpustakaan Kuala Nerang Pinjaman Kanak-kanak 07/10/2024   K 751.426 BOL A01839245 07/10/2024 Book
    Perpustakaan Kulim Pinjaman Kanak-kanak 07/10/2024   K 751.426 BOL A01839239 07/10/2024 Book
    Perpustakaan Langkawi Pinjaman Kanak-kanak 07/10/2024   K 751.426 BOL A01839238 07/10/2024 Book
    Perpustakaan Merbok Pinjaman Kanak-kanak 07/10/2024   K 751.426 BOL A01839242 07/10/2024 Book
    Perpustakaan Pendang Pinjaman Kanak-kanak 07/10/2024   K 751.426 BOL A01839246 07/10/2024 Book
    Perpustakaan Yan Pinjaman Kanak-kanak 07/10/2024   K 751.426 BOL A01839243 07/10/2024 Book